| 000 | 00681nam a2200205Ia 4500 | ||
|---|---|---|---|
| 001 | 4748 | ||
| 003 | GE_BSU | ||
| 008 | 181216s||||||||xx |||||||||||||| ||und|| | ||
| 020 | _a5060000486 | ||
| 040 | _cGE_BSU | ||
| 100 | _aШипачев В.С. | ||
| 245 | _aОсновы высшей математики | ||
| 245 | _bУчебное пособие для студ. высш.. Технических учебних заведений | ||
| 245 | _cПод. ред. А.Н.Тихонова | ||
| 260 | _aМосква | ||
| 260 | _bВысшая школа | ||
| 300 | _a480 с. 21 см. | ||
| 653 | _aЩсновы высшей математики | ||
| 942 | _cBK | ||
| 999 |
_c38608 _d38608 |
||